MARC

Tag First Indicator Second Indicator Subfields
LEADER 00000cas a2200000 a 4500
001 in00000645421
005 20190604155554.0
008 810227d18931909nz ar s f0 a0eng c
010 |a  2007227572 
035 |a (OCoLC)ocm07166398 
035 |a (OCoLC)07166398 
035 |9 ACV9704AM 
040 |a TXA  |b eng  |c TXA  |d EEM  |d OCLCQ  |d OCLCA  |d OCLCQ  |d OCLCA  |d OCLCF  |d OCLCO  |d OCLCA 
019 |a 145350150  |a 221466924  |a 419524268 
029 1 |a AU@  |b 000041614877 
029 1 |a NZ1  |b 11871197 
029 1 |a AU@  |b 000044392582 
029 1 |a AU@  |b 000010642018 
029 1 |a GEBAY  |b 10818721 
035 |a (OCoLC)7166398  |z (OCoLC)145350150  |z (OCoLC)221466924  |z (OCoLC)419524268 
042 |a pcc 
043 |a u-nz--- 
050 4 |a S385  |b .A2 
082 0 4 |a 630.611  |b N56a 
049 |a TXAM 
110 1 |a New Zealand.  |b Department of Agriculture. 
245 1 4 |a The ... report of the Department of Agriculture. 
246 1 4 |a Annual report 
246 1 3 |a Annual report of the Department of Agriculture 
264 1 |a Wellington, N.Z. :  |b New Zealand Department of Agriculture,  |c -1909. 
300 |a volumes :  |b portraits, illustrations ;  |c 24 cm 
310 |a Annual 
336 |a text  |b txt  |2 rdacontent 
337 |a unmediated  |b n  |2 rdamedia 
338 |a volume  |b nc  |2 rdacarrier 
362 1 |a Began with 1892/1893. 
362 1 |a Ceased with: 17th (1909). 
515 |a Report year ends Mar. 31st. 
588 |a Description based on: 3rd (1894/1895). 
588 |a Final issue consulted. 
650 0 |a Agriculture  |z New Zealand  |v Periodicals. 
610 1 0 |a New Zealand.  |b Department of Agriculture  |v Periodicals. 
610 1 7 |a New Zealand.  |b Department of Agriculture.  |2 fast  |0 (OCoLC)fst01837758 
650 7 |a Agriculture.  |2 fast  |0 (OCoLC)fst00801355 
651 7 |a New Zealand.  |2 fast  |0 (OCoLC)fst01204542 
655 7 |a Periodicals.  |2 fast  |0 (OCoLC)fst01411641 
776 0 8 |i Online version:  |a New Zealand. Department of Agriculture.  |t ... report of the Department of Agriculture  |w (OCoLC)688574784 
785 0 0 |a New Zealand. Department of Agriculture, Commerce, and Tourists.  |t Annual report of the Department of Agriculture, Commerce, and Tourists  |w (DLC) 2007227573  |w (OCoLC)53446266 
891 2 0 |9 853  |8 1  |a (+)  |i (year/year)  |w a 
891 4 1 |9 863  |8 1.1  |a <3>  |i <1894/1895> 
994 |a C0  |b TXA 
949 |a updated  |b h  |c 2019/6/4  |e coplinger  |f 3:46:15 pm 
999 f f |s b2b093c1-51ec-3949-a5ec-264054c88a6f  |i 92d43d45-c902-38e3-8e57-f1df5e5deb19  |t 0 
952 f f |p storage  |a Texas A&M University  |b J.J. Pickle Campus  |c High Density Repository  |d Remote Storage  |t 0  |e S385 .A2  |h Library of Congress classification  |i unmediated -- volume  |k 10th  |l 1902  |m A14850907404 
952 f f |p storage  |a Texas A&M University  |b J.J. Pickle Campus  |c High Density Repository  |d Remote Storage  |t 0  |e S385 .A2  |h Library of Congress classification  |i unmediated -- volume  |k 11th  |l 1903  |m A14850907271 
952 f f |p storage  |a Texas A&M University  |b J.J. Pickle Campus  |c High Density Repository  |d Remote Storage  |t 0  |e S385 .A2  |h Library of Congress classification  |i unmediated -- volume  |k 14th  |l 1906  |m A14850907016 
952 f f |p storage  |a Texas A&M University  |b J.J. Pickle Campus  |c High Density Repository  |d Remote Storage  |t 0  |e S385 .A2  |h Library of Congress classification  |i unmediated -- volume  |k 15th  |l 1907  |m A14850907545 
952 f f |p storage  |a Texas A&M University  |b J.J. Pickle Campus  |c High Density Repository  |d Remote Storage  |t 0  |e S385 .A2  |h Library of Congress classification  |i unmediated -- volume  |k 9th  |l 1901  |m A14850907537 
952 f f |p storage  |a Texas A&M University  |b J.J. Pickle Campus  |c High Density Repository  |d Remote Storage  |t 0  |e S385 .A2  |h Library of Congress classification  |i unmediated -- volume  |k 12th  |l 1904  |m A14850907149 
952 f f |p storage  |a Texas A&M University  |b J.J. Pickle Campus  |c High Density Repository  |d Remote Storage  |t 0  |e S385 .A2  |h Library of Congress classification  |i unmediated -- volume  |k 16th  |l 1908  |m A14850907412 
952 f f |p storage  |a Texas A&M University  |b J.J. Pickle Campus  |c High Density Repository  |d Remote Storage  |t 0  |e S385 .A2  |h Library of Congress classification  |i unmediated -- volume  |k 17th  |l 1909  |m A14850907289 
998 f f |a S385 .A2  |s 14th-17th (1906-1909)  |t 0  |l Remote Storage